|
|
|
|
| LEADER |
00826nam a2200265 4500 |
| 001 |
DLU180182928 |
| 005 |
##20180109 |
| 040 |
# |
# |
|a DLU
|b vie
|
| 041 |
# |
# |
|a vie
|
| 044 |
# |
# |
|a vn
|
| 100 |
# |
# |
|a Lê Minh Nguyệt.
|
| 245 |
# |
# |
|a Tương tác tâm lý - xã hội trong sự phát triển tâm lý cá nhân /
|c Lê Minh Nguyệt.
|
| 653 |
# |
# |
|a Tương tác
|
| 653 |
# |
# |
|a Tương tác tâm lý
|
| 653 |
# |
# |
|a Tương tác tâm lý - xã hội
|
| 653 |
# |
# |
|a Trị liệu nhận thức hành vi
|
| 773 |
# |
# |
|t Tâm lý học
|g Số 1(178), 2014, tr. 42-50
|
| 920 |
# |
# |
|a Phòng Tạp chí -- Trung tâm Thông tin - Thư viện Trường Đại học Đà Lạt
|
| 900 |
# |
# |
|a True
|
| 911 |
# |
# |
|a Nguyễn Thị Thu Phương
|
| 925 |
# |
# |
|a G
|
| 926 |
# |
# |
|a A
|
| 927 |
# |
# |
|a BB
|
| 980 |
# |
# |
|a Thư viện Trường Đại học Đà Lạt
|